Responses for Show #4969 - Thursday, March 30, 2006

Contestants

[<< previous game]

Doc Hamilton, an advanced customer care agent from Nashville, Tennessee

Barbara Watkins, a stay-at-home mom and attorney from Oak Park, Illinois

Ben Goggins, a retired marine biologist from Tybee Island, Georgia (whose 2-day cash winnings total $46,800)

[next game >>]

Jeopardy! Round responses

I KNOW YOU FROM SOMEWHERE
THE DEANS LIST
THINGS FARMERS KNOW
LET'S TAKE A TRIP
YES, SIR!
THAT'S MY "BB"
    $200 21
McDonald's

Barbara
    $200 6
Dean Martin

Doc
    $200 11
(Barbara: What is nitrogen? No!)

oxygen

BarbaraDoc
    $200 1
(Barbara: What is the Seattle Needle?)

the Space Needle

BarbaraDoc
    $200 26
(Sir) Thomas More

Ben
    $200 16
a rabbit

Doc
    $400 22
Heathrow

Doc
    $400 7
Dizzy Dean

Ben
    $400 12
(crop) insurance

Ben
    $400 2
Circus Circus

Ben
    $400 27
Sir Walter Raleigh

Barbara
    $400 17
cabbage

Ben
    $600 23
Mexico

Barbara
    $600 8
Jan & Dean

Ben
    $600 13
a barn

Barbara
    $1,000 3
(Ben: Uh, that is The Mermaid... the Copenhagen Mermaid... [*]?)
(Alex: Well, all right, you got it in ultimately there, and you add $1,000, you're in the lead, select again.)

the Little Mermaid

Ben
    $600 28
Sir Walter Scott

Triple Stumper
    $600 18
the Sabbath

Doc
    $800 24
(Ben: What is Arkansas?)

Oklahoma

BenDoc
    $800 9
Jimmy Dean

Ben
    $800 14
organic

Ben
    $800 4
St. Mark's Square

Ben
    $800 29
[The end-of-round signal sounds.]

David Lean

Ben
    $800 19
the Caribbean

Barbara
    $1000 25
(Barbara: What is Berlin?)

Hamburg

Barbara
Triple Stumper
    $1000 10
Dean Koontz

Doc
    $1000 15
legumes

Ben
    $1000 5
Eritrea

Ben
    $1000 20
a gibbon

Ben

Scores at the first commercial break (after clue 15):

Ben Barbara Doc
$7,200 $200 $1,600

Scores at the end of the Jeopardy! Round:

Ben Barbara Doc
$8,800 $1,200 $3,600

Double Jeopardy! Round responses

THE PERIODIC TABLE OF ELEMENTS
(Alex: You have to give us the title of each progam in...)
TV TITLE REFERENCES
1812
THE NON-CATEGORY
ART
15-LETTER WORDS
    $400 7
carbon

Doc
    $400 12
The O.C.

Doc
    $400 17
the Constitution

Ben
    $400 24
non-stick

Barbara
    $400 1
Pop Art

Ben
    $400 6
(Doc: What is irreconciliable?)

incompatibility

BenDoc
    $800 8
electrons

Barbara
    $800 13
Grey's Anatomy

Doc
    $800 18
Ottoman Empire

Doc
    $800 25
Blondes

Doc
    $800 2
busts

Barbara
    $800 20
Americanization

Ben
    $1200 9
(Ben: What is 121?)
(Doc: What is 201?)
(Barbara: What is 101?)
...
(Alex: It's always easier, when three have been eliminated, to come up with the correct response.)

111

BenBarbaraDoc
Triple Stumper
    $1200 14
(Ben: What is Medium?)

Ghost Whisperer

BenDoc
    $1200 19
(Doc: Who is Gerrymand?)
(Ben: Who is Mander?)

(Elbridge) Gerry

BenBarbaraDoc
    $5,200 26
(Doc: ...You know, I've always said this sitting at home, if I got here, I'd do it. Let's make it a True Daily Double.)

non-violence

Doc
    $1200 3
allegory

Triple Stumper
    $1200 21
decontamination

Barbara
    $1600 10
the atomic weight

Doc
    $1600 15
(Doc: What is Class Reunion?)

Reunion

Doc
Triple Stumper
    $1600 27
Euclidean

Barbara
    $1600 4
(William) Hogarth

Barbara
    $2,000 22
(Barbara: What is ph... photoluminescence?)

bioluminescence

Barbara
    $2000 11
(Alex: By Mendeleev, in [*].)

Russia

Triple Stumper
    $2000 16
Cold Case

Ben
    $2000 28
[The end-of-round signal sounds.]

woven

Triple Stumper
    $2000 5
(Ben: Who is Bosch?)
[A rotated image of the painting, presented as if observing it from the upper-right, undistorts the skull.]

(Hans) Holbein (the Younger)

Ben
Triple Stumper
    $2000 23
synchronization

Triple Stumper

Scores at the end of the Double Jeopardy! Round:

Ben Barbara Doc
$7,200 $5,600 $10,400

[wagering suggestions for these scores]

Final Jeopardy! Round responses

NOTABLE WOMEN
(Alex: Happened in October of last year.)
BarbaraWho was Eleanor Roosevelt?
$5,599
BenWho is Rosa Parks?
$7,200
DocWho is Rosa Parks?
$4,001
Rosa Parks

Final scores:

Ben Barbara Doc
$14,400 $1 $14,401
2nd place: $2,000 3rd place: $1,000 New champion: $14,401

Game dynamics:

Coryat scores:

Ben Barbara Doc
$6,800 $7,600 $6,400
19 R
(including 1 DD),
5 W
12 R,
5 W
(including 1 DD)
16 R
(including 1 DD),
4 W

Combined Coryat: $20,800

[game clues] [game scores] [suggest correction]

Game tape date: 2006-03-07
The J! Archive is created by fans, for fans. Scraping, republication, monetization, and malicious use prohibited; this site may use cookies and collect identifying information. See terms. The Jeopardy! game show and all elements thereof, including but not limited to copyright and trademark thereto, are the property of Jeopardy Productions, Inc. and are protected under law. This website is not affiliated with, sponsored by, or operated by Jeopardy Productions, Inc. Join the discussion at JBoard.tv.